| 000 | 00447nam a2200157Ia 4500 | ||
|---|---|---|---|
| 008 | 160316s1995 xxu||||| |||| 00| 0 eng d | ||
| 082 |
_a158.700000 _bPAR |
||
| 100 | _aParkinson Frank | ||
| 245 | _aListening helping workplace : A guide for managers, supervisors and colleagues who need to use counselling skills | ||
| 250 | _a | ||
| 260 |
_aLondon _bSouvenir Press _c1995 |
||
| 300 |
_a265p _b _cvii |
||
| 365 | _b | ||
| 650 | _a | ||
| 700 |
_a _a |
||
| 999 |
_c18142 _d18142 |
||